Statistics for Ultimate Border Challenge By Letter - H

Click here to take the quiz!

General Stats

  • This quiz has been taken 84 times
  • The average score is 10 of 11

Answer Stats

HintAnswer% Correct
HaitiDominican Republic
99%
HungarySlovakia
97%
HungaryAustria
96%
HondurasEl Salvador
95%
HondurasGuatemala
95%
HondurasNicaragua
95%
HungarySerbia
95%
HungaryRomania
93%
HungaryUkraine
93%
HungaryCroatia
92%
HungarySlovenia
91%

Score Distribution

Percentile by Number Answered

Percent of People with Each Score

Your Score History

You have not taken this quiz